Countable Boolean algebras and decidability /

Guardado en:
Autor Principal: Goncharov, S. S.
Formato: Libro
Idioma:English
Russian
Publicado: New York : Consultants Bureau, c1997.
Series:Sibirskaia shkola algebry i logiki.
Etiquetas: Agregar Etiqueta
Sin Etiquetas, Sea el primero en etiquetar este registro!
LEADER 00783nam a22002175a 4500
001 MAT.inmabb000033
008 970116s1997####nyua#####b####001#0#eng##
005 20130312122824.0
245 1 0 |a Countable Boolean algebras and decidability /  |c Sergei S. Goncharov. 
260 |a New York :  |b Consultants Bureau,  |c c1997. 
300 |a xii, 318 p.  |c 24 cm. 
490 1 |a Siberian school of algebra and logic 
504 |a Includes bibliographical references (p. 303-313) and index. 
510 4 |a MR,  |c 98h:03044b 
020 |a 030611061X 
100 1 |a Goncharov, S. S. 
240 1 0 |a Schetnye bulevy algebry.  |l Inglés 
830 0 |a Sibirskaia shkola algebry i logiki.  |l Inglés 
084 |a 03C57 (03B25 03C60 03C65 03G05 06E05)  |2 msc2000 
041 1 |a eng  |h rus 
859 |h 03  |i G635  |p A-7729  |b BIB. MATEMATICA